000 00556cab a22001815a 4500
001 L158427
008 150213e2015 xxk 000 0 eng d
035 _a(Sirsi) u158427
041 0 _aeng
110 2 _aExperian Economics
_95977
245 0 0 _aTracker December 2014
490 _aBuilding
_v280(8860) 6 February 2015, 46-47 (2)
520 _aAnalysis of the December 2014 Experian construction activity index.
650 2 4 _aEXPERIAN CONSTRUCTION INDUSTRY FOCUS
651 4 _aUnited Kingdom
_y
690 _aConstruction management
_96230
942 _n0
999 _c84595
_d84595